000 01701cam a2200481 a 4500
001 sjds500678
003 sjds
005 20161013131611.0
008 111222s2013 nyua j 001 0 eng
010 _a 2011050055
020 _a9781448878246 (library binding)
020 _a1448878241 (library binding)
035 _a(OCoLC)769289560
035 _z(OCoLC)779874204
040 _aDLC
_beng
_cDLC
_dBDX
_dBTCTA
_dOCLCO
_dIG#
_dIFA
_dUtOrBLW
041 1 _aeng
_aspa
_heng
049 _aIFAA
099 _aCHILDREN ESPANOL 523.8 PETERS 2013
999 _c16216
_d16216
999 _bCHILDREN ESPANOL 523.8 PETERS 2013
100 1 _aPeters, Elisa.
245 1 4 _aLas estrellas = Stars /
_cby Elisa Peters ; traducción al español, Eduardo Alamán.
246 3 1 _aStars
250 _aFirst edition, bilingual edition.
260 _aNew York :
_bPowerKids Press,
_c2013.
264 1 _aNew York :
_bPowerKids Press,
_c2013.
300 _a24 pages :
_bcolor illustrations ;
_c19 cm.
336 _atext
_btxt
_2rdacontent
337 _aunmediated
_bn
_2rdamedia
338 _avolume
_bnc
_2rdacarrier
490 1 _aPowerkids readers: the universe / el universo
500 _aIncludes index.
526 0 _aAccelerated Reader
_bLG
_c0.9
_d0.5
_z155317
650 0 _aStars
_vJuvenile literature.
650 0 _aSpanish language materials
_xBilingual
_vJuvenile literature.
650 7 _aEstrellas
_vLiteratura juvenil.
_2bidex
650 7 _aMateriales bilingües en español
_vLiteratura juvenil.
_2bidex
700 1 2 _aPeters, Elisa.
_tStars.
_lEnglish.
700 1 2 _aPeters, Elisa.
_tStars.
_lSpanish.
700 1 _aAlamán, Eduardo.
830 0 _aPowerKids readers.
_pUniverse.
942 _2ddc
_cBK
949 _aPolaris526